Ek Muhabbat sau Afsanay "اِیک محبت سوآفسانے" (Record no. 529027)

000 -LEADER
fixed length control field 00426nam a22001577a 4500
003 - CONTROL NUMBER IDENTIFIER
control field NUST
005 - DATE AND TIME OF LATEST TRANSACTION
control field 20190918125341.0
008 - FIXED-LENGTH DATA ELEMENTS--GENERAL INFORMATION
fixed length control field 151003b xxu||||| |||| 00| 0 eng d
038 ## - RECORD CONTENT LICENSOR
Staff Name MSOHAIL
040 ## - CATALOGING SOURCE
Transcribing agency LIBRARY
082 ## - DEWEY DECIMAL CLASSIFICATION NUMBER
Classification number 891.4392
Author Mark AHM
100 ## - MAIN ENTRY--PERSONAL NAME
Personal name Ashfaq Ahmed,
9 (RLIN) 651
245 ## - TITLE STATEMENT
Title Ek Muhabbat sau Afsanay "اِیک محبت سوآفسانے"
650 ## - SUBJECT ADDED ENTRY--TOPICAL TERM
Topical term following geographic name entry element Urdu literature
General subdivision General book
9 (RLIN) 20895
942 ## - ADDED ENTRY ELEMENTS (KOHA)
Source of classification or shelving scheme
Koha item type Book
Holdings
Withdrawn status Lost status Source of classification or shelving scheme Damaged status Not for loan Permanent Location Current Location Date acquired Total Checkouts Full call number Barcode Date last seen Date last checked out Price effective from Koha item type
          School of Civil and Environmental Engineering (SCEE) School of Civil and Environmental Engineering (SCEE) 09/18/2019 2 891.4392 AHM NIT-10649 08/26/2022 04/06/2022 09/18/2019 Book
© 2023 Central Library, National University of Sciences and Technology. All Rights Reserved.